<?xml version="1.0" encoding="UTF-8"?>
<collection xmlns="http://www.loc.gov/MARC21/slim">
 <record>
  <leader>01993pam a22002538a 4500</leader>
  <controlfield tag="001">00025618</controlfield>
  <controlfield tag="005">20171026081023.0</controlfield>
  <controlfield tag="008">110810s2003                  ||||||Viesd</controlfield>
  <datafield tag="041" ind1="0" ind2="#">
   <subfield code="a">Vie</subfield>
  </datafield>
  <datafield tag="082" ind1="1" ind2="4">
   <subfield code="a">907</subfield>
   <subfield code="b">NH556V</subfield>
  </datafield>
  <datafield tag="100" ind1="0" ind2="#">
   <subfield code="a">Nguyễn Anh Dũng</subfield>
   <subfield code="e">Chủ biên</subfield>
  </datafield>
  <datafield tag="245" ind1="0" ind2="0">
   <subfield code="a">Những vấn đề chung về bộ môn phương pháp dạy học lịch sử ở trường CĐSP</subfield>
   <subfield code="c">Nguyễn Anh Dũng; Trần Vĩnh Tường</subfield>
  </datafield>
  <datafield tag="260" ind1="#" ind2="#">
   <subfield code="a">H.</subfield>
   <subfield code="b">Đại Học Sư Phạm</subfield>
   <subfield code="c">2003</subfield>
  </datafield>
  <datafield tag="300" ind1="#" ind2="#">
   <subfield code="a">79tr.</subfield>
   <subfield code="c">24 cm.</subfield>
  </datafield>
  <datafield tag="500" ind1="#" ind2="#">
   <subfield code="a">ĐBS: Bộ giáo dục và đào tạo; Dự án đào tạo giáo viên THCS</subfield>
  </datafield>
  <datafield tag="653" ind1="#" ind2="#">
   <subfield code="a">Lịch sử ở trường CĐSP</subfield>
  </datafield>
  <datafield tag="653" ind1="#" ind2="#">
   <subfield code="a">Phương pháp giảng dạy lịch sử</subfield>
  </datafield>
  <datafield tag="700" ind1="0" ind2="#">
   <subfield code="a">Trần Vĩnh Tường</subfield>
  </datafield>
  <datafield tag="852" ind1="#" ind2="#">
   <subfield code="b">Kho giáo trình</subfield>
   <subfield code="j">KGT.0026002, KGT.0026003, KGT.0026004, KGT.0026005, KGT.0026006, KGT.0026007, KGT.0026008, KGT.0026009, KGT.0026010, KGT.0026011, KGT.0026012, KGT.0026013, KGT.0026014, KGT.0026015, KGT.0026016, KGT.0026017, KGT.0026018, KGT.0026019, KGT.0026020, KGT.0026021, KGT.0026022, KGT.0026023, KGT.0026024, KGT.0026025, KGT.0026026, KGT.0026027, KGT.0026028, KGT.0026029, KGT.0026030, KGT.0026031, KGT.0026032, KGT.0026033, KGT.0026034, KGT.0026035, KGT.0026036, KGT.0026037, KGT.0026038, KGT.0033434</subfield>
  </datafield>
  <datafield tag="852" ind1="#" ind2="#">
   <subfield code="b">Kho mượn</subfield>
   <subfield code="j">KGT.0026002</subfield>
  </datafield>
  <datafield tag="852" ind1="#" ind2="#">
   <subfield code="j">KGT.0026015</subfield>
   <subfield code="j">KGT.0026018</subfield>
   <subfield code="j">KGT.0026019</subfield>
   <subfield code="j">KGT.0026021</subfield>
   <subfield code="j">KGT.0026022</subfield>
   <subfield code="j">KGT.0026024</subfield>
   <subfield code="j">KGT.0026025</subfield>
   <subfield code="j">KGT.0026029</subfield>
   <subfield code="j">KGT.0026030</subfield>
   <subfield code="j">KGT.0026032</subfield>
   <subfield code="j">KGT.0026033</subfield>
   <subfield code="j">KGT.0026037</subfield>
   <subfield code="j">KGT.0026003</subfield>
   <subfield code="j">KGT.0026004</subfield>
   <subfield code="j">KGT.0026006</subfield>
   <subfield code="j">KGT.0026007</subfield>
   <subfield code="j">KGT.0026009</subfield>
   <subfield code="j">KGT.0026011</subfield>
   <subfield code="j">KGT.0026012</subfield>
   <subfield code="j">KGT.0026016</subfield>
   <subfield code="j">KGT.0026017</subfield>
   <subfield code="j">KGT.0026027</subfield>
   <subfield code="j">KGT.0026035</subfield>
   <subfield code="j">KGT.0026036</subfield>
   <subfield code="j">KGT.0026002</subfield>
   <subfield code="j">KGT.0026005</subfield>
   <subfield code="j">KGT.0026008</subfield>
   <subfield code="j">KGT.0026010</subfield>
   <subfield code="j">KGT.0026013</subfield>
   <subfield code="j">KGT.0026014</subfield>
   <subfield code="j">KGT.0026020</subfield>
   <subfield code="j">KGT.0026023</subfield>
   <subfield code="j">KGT.0026026</subfield>
   <subfield code="j">KGT.0026028</subfield>
   <subfield code="j">KGT.0026031</subfield>
   <subfield code="j">KGT.0026034</subfield>
   <subfield code="j">KGT.0026038</subfield>
   <subfield code="j">KGT.0033434</subfield>
  </datafield>
  <datafield tag="910" ind1="0" ind2="#">
   <subfield code="d">10/08/2011</subfield>
  </datafield>
  <datafield tag="980" ind1="#" ind2="#">
   <subfield code="a">Trung tâm Học liệu Lê Vũ Hùng, Trường Đại học Đồng Tháp</subfield>
  </datafield>
 </record>
</collection>
